| 000 | 00814aam a2200337 4500 | ||
|---|---|---|---|
| 005 | 20240405142436.0 | ||
| 008 | 150427b xxu||||| |||| 00| 0 spa d | ||
| 020 | _a9789682479083 | ||
| 041 | _aESP | ||
| 082 | _a671.522 L644m2 | ||
| 100 |
_aLesur Esquivel, Luis _927566 |
||
| 245 | _aManual de soldadura con oxiacetileno: una guía paso a paso | ||
| 250 | _a2 edición | ||
| 260 | _aMéxico | ||
| 260 | _bTrillas | ||
| 260 | _c2007 | ||
| 300 | _a80 páginas | ||
| 650 | _aSOLDADURA | ||
| 650 | _aCORTE | ||
| 650 | _aOXIACETILENO | ||
| 650 | _aTALLER | ||
| 650 | _aHERRAMIENTAS | ||
| 650 | _aMETALES | ||
| 650 | _aEQUIPO | ||
| 650 | _aSOLDADURA CON VARILLA | ||
| 650 | _aSOLDADURA SIN VARILLA | ||
| 650 | _aUNIONES | ||
| 650 | _aSOLDADURA FUERTE | ||
| 942 |
_cBK _2ddc |
||
| 999 |
_c3230 _d3230 |
||